Retórica y poética o Literatura preceptiva / (Record no. 157985)

MARC details
000 -LEADER
campo de control de longitud fija 00647nam a22001815i 4500
001 - NÚMERO DE CONTROL
campo de control 157985
003 - IDENTIFICADOR DE NÚMERO DE CONTROL
campo de control ES-MaACL
005 - FECHA Y HORA DE LA ÚLTIMA TRANSACCIÓN
campo de control 20230906210932.0
008 - DATOS DE LONGITUD FIJA--INFORMACIÓN GENERAL
campo de control de longitud fija 980721s1879 sp |||| | spa d
040 ## - FUENTE DE CATALOGACIÓN
Centro catalogador/agencia de origen AR
Lengua de catalogación spa
Centro/agencia transcriptor AR
100 1# - ENTRADA PRINCIPAL--NOMBRE DE PERSONA
Nombre de persona López Bastarán, Manuel.
9 (RLIN) 129192
245 10 - MENCIÓN DEL TÍTULO
Título Retórica y poética o Literatura preceptiva /
Mención de responsabilidad, etc. por Manuel López y Bastarán.
260 ## - PUBLICACIÓN, DISTRIBUCIÓN, ETC.
Lugar de publicación, distribución, etc. Huesca :
Nombre del editor, distribuidor, etc. [s.n.],
Fecha de publicación, distribución, etc. 1979 [i.e. 1879] (
Fabricante Estab. tip. de la viuda e hijos de Castanera)
300 ## - DESCRIPCIÓN FÍSICA
Extensión 303 p. ;
Dimensiones 23 cm.
596 #1 - NOTA AL PIE DE IMPRENTA
NOTA AL PIE DE IMPRENTA Corrección de la fecha: 1879, indicada en h. de erratas.
752 ## - ENTRADA AGREGADA--NOMBRE JERÁRQUICO DEL LUGAR
País o entidad superior España -
Ciudad Huesca
852 ## - LOCALIZACIÓN
Ubicación ES-MaACL
Número de control de estantería G-12717
Nota libre -- Rúst.
Holdings
Estatus retirado Estado de pérdida Estado de daño No para préstamo Biblioteca de origen Biblioteca actual Ubicación en estantería Fecha de adquisición Fuente de adquisición Total de préstamos Signatura topográfica completa Código de barras Visto por última vez Precio de reemplazo Tipo de ítem Koha
        Biblioteca del Ateneo de Madrid Biblioteca del Ateneo de Madrid Sala Pecera Planta 3 17/01/2008     G-12717 1165344 23/02/2023 23/02/2023 Libro impreso